The South African Law Reports 2024 (Record no. 3017)
[ view plain ]
| 000 -LEADER | |
|---|---|
| fixed length control field | 00509nam a22001697a 4500 |
| 005 - DATE AND TIME OF INPUT | |
| control field | 20240905101341.0 |
| 008 - DATA ELEMENTS--GENERAL INFORMATION | |
| fixed length control field | 240905b |||||||| |||| 00| 0 eng d |
| 022 ## - INTERNATIONAL STANDARD SERIAL NUMBER | |
| International Standard Serial Number | 00382396 |
| 041 ## - LANGUAGE CODE | |
| Language code of text | English/Afrikaans |
| 082 ## - SHELF NUMBER | |
| DDC number | 349 SOU |
| 100 ## - MAIN AUTHOR | |
| Language of a work | English/Afrikaans |
| 245 ## - TITLE STATEMENT | |
| Title | The South African Law Reports 2024 |
| 260 ## - PUBLICATION, DISTRIBUTION, ETC. | |
| Place of publication, distribution, etc. | Cape Town: |
| Name of publisher, distributor, etc. | Juta and Company (Pty) Ltd, |
| Date of publication, distribution, etc. | 2024 |
| 300 ## - PHYSICAL DESCRIPTION | |
| Other physical details | xxxvi, 663 pages; |
| Dimensions | 25 cm. |
| 650 ## - SUBJECT` | |
| Broad subject | Legal practice |
| Own subject terms | Law |
| 942 ## - ADDED ENTRY ELEMENTS (KOHA) | |
| Item type | Books |
| 942 ## - ADDED ENTRY ELEMENTS (KOHA) | |
| -- | ALISON_BN_VRIES |
| Source of classification or shelving scheme | Volume number (bound volume or other part) | Not for loan | Collection code | Home library | Current library | Shelving location | Date acquired | Full call number | Barcode | Price effective from | Koha item type |
|---|---|---|---|---|---|---|---|---|---|---|---|
| Dewey Decimal Classification | 2024 (4) July-August (IV) | TEXT BOOKS | LAW SOCIETY OF NAMIBIA LIBRARY - WINDHOEK | LAW SOCIETY OF NAMIBIA LIBRARY - WINDHOEK | South African Law Reports | 09/05/2024 | 349 SOU | LSN/2024/18 | 09/05/2024 | Books | |
| Dewey Decimal Classification | 2024 (1) January - February (I) | TEXT BOOKS | LAW SOCIETY OF NAMIBIA LIBRARY - WINDHOEK | LAW SOCIETY OF NAMIBIA LIBRARY - WINDHOEK | South African Law Reports | 09/18/2024 | 349 SOU | LSN/2024/88 | 09/18/2024 | Books | |
| Dewey Decimal Classification | 2024 (2) March - April (II) | TEXT BOOKS | LAW SOCIETY OF NAMIBIA LIBRARY - WINDHOEK | LAW SOCIETY OF NAMIBIA LIBRARY - WINDHOEK | South African Law Reports | 09/18/2024 | 349 SOU | LSN/2024/89 | 09/18/2024 | Books | |
| Dewey Decimal Classification | 2024 (3) May - June (III) | TEXT BOOKS | LAW SOCIETY OF NAMIBIA LIBRARY - WINDHOEK | LAW SOCIETY OF NAMIBIA LIBRARY - WINDHOEK | South African Law Reports | 09/18/2024 | 349 SOU | LSN/2024/90 | 09/18/2024 | Books | |
| Dewey Decimal Classification | 2024 (5) September - October | TEXT BOOKS | LAW SOCIETY OF NAMIBIA LIBRARY - WINDHOEK | LAW SOCIETY OF NAMIBIA LIBRARY - WINDHOEK | South African Law Reports | 12/05/2024 | 349 JOU | LSN/2024/128 | 12/05/2024 | Books | |
| Dewey Decimal Classification | 2024 (6) November-December | TEXT BOOKS | LAW SOCIETY OF NAMIBIA LIBRARY - WINDHOEK | LAW SOCIETY OF NAMIBIA LIBRARY - WINDHOEK | South African Law Reports | 02/25/2025 | 349 SOU | LSN/2025/2 | 02/25/2025 | Books |
